000 01013nac a22002657a 4500
001 BR7904098
003 BR-BrBNA
005 20240105114443.0
008 230509b bl.|||m| |||| 00| 0 por d
040 _aBR-BrBNA
_bpor
_cBiblioteca Nacional de Agricultura
072 _aA50; F00
090 _a0180 BR7904098
110 1 _aEmpresa Brasileira de Pesquisa Agropecuaria, Brasilia, DF (Brasil). Depto. de Diretrizes e Metodos de Planejamento
_93841
245 1 _aProjetos nacionais de pesquisa. Trigo, cevada e triticale. Relatorio anual de acompanhamento 1978 [Brasil]
260 3 _aBrasilia, DF (Brasil):
_c1979.
300 _a58 p.
490 _aSerie Acompanhamento Gerencial - Empresa Brasileira de Pesquisa Agropecuaria. Depto. de Diretrizes e Metodos de Planejamento (Brazil)
_vv. 10
_x
650 _aTRIGO
650 _aCEVADA
650 _aTRITICALE
650 _aPROJETO DE PESQUISA
650 _aPESQUISA AGRICOLA
909 _a202312
_bLúcia Elande
_c55
_dLúcia Elande
942 _2AGRIS
_n0
_cMS
999 _c269447
_d269447